اردو ڑراما نگاری: (Record no. 174512)
[ view plain ]
| 000 -LEADER | |
|---|---|
| fixed length control field | 00579nam a22001817a 4500 |
| 005 - DATE AND TIME OF LATEST TRANSACTION | |
| control field | 20200619114543.0 |
| 010 ## - LCCN (DPL NO) | |
| LC control number | 790472 |
| 020 ## - INTERNATIONAL STANDARD BOOK NUMBER | |
| Terms of availability | 6.00 |
| 035 ## - SYSTEM CONTROL NUMBER | |
| System control number | 790472 |
| 037 ## - SOURCE OF ACQUISITION | |
| Source of stock number/acquisition | BPPD/Pub. |
| 082 ## - DEWEY DECIMAL CLASSIFICATION NUMBER | |
| Classification number | 842.08 |
| 100 ## - MAIN ENTRY--PERSONAL NAME | |
| Personal name | قمر اعظم ہاشمی |
| 245 ## - TITLE STATEMENT | |
| Title | اردو ڑراما نگاری: |
| Remainder of title | تنقیدی تاریخ کی روشنی میں / |
| Statement of responsibility, etc | قمر اعظم ہاشمی |
| 246 ## - VARYING FORM OF TITLE | |
| Title proper/short title | Urdu Drame Nigar: Tanqeedi tarikh ki Roshni Mein / |
| Remainder of title | by Qamar Azim Hashmi |
| 260 ## - PUBLICATION, DISTRIBUTION, ETC. (IMPRINT) | |
| Date of publication, distribution, etc | 1942 ء |
| 300 ## - PHYSICAL DESCRIPTION | |
| Extent | 112p. |
| Dimensions | 20cm(Hb) |
| 942 ## - ADDED ENTRY ELEMENTS (KOHA) | |
| Source of classification or shelving scheme | Dewey Decimal Classification |
| Item type | Urdu Bks |
| Classification part | 842.08 |
| Call number suffix | ہ ا ش |
| Withdrawn status | Lost status | Not for loan | Collection code | Home library | Current library | Date acquired | Source of acquisition | Cost, normal purchase price | Full call number | Barcode | Copy number | Cost, replacement price | Koha item type |
|---|---|---|---|---|---|---|---|---|---|---|---|---|---|
| Non-fiction | Central Library | Central Library | 19/06/2020 | BPPD/Ven. | 6.00 | 842.08 ہ ا ش | 790472 | 1 | 6.00 | Urdu Bks |
